Normal view
MARC view
- علم الاجتماع الاسلامي- الاسلام والمجتمع
Entry Topical Term
001 - CONTROL NUMBER
- control field: 37477
003 - CONTROL NUMBER IDENTIFIER
- control field: JO-AjAnu
005 - DATE AND TIME OF LATEST TRANSACTION
- control field: 20230606080241.0
008 - FIXED-LENGTH DATA ELEMENTS
- fixed length control field: 230606|| aca||aabn | a|a d
040 ## - CATALOGING SOURCE
- Original cataloging agency: JO-AjAnu
- Transcribing agency: JO-AjAnu
150 ## - HEADING--TOPICAL TERM
- Topical term or geographic name entry element: علم الاجتماع الاسلامي- الاسلام والمجتمع
670 ## - SOURCE DATA FOUND
- Source citation: Work cat.: (JO-AjAnu)19230: السمالوطي، نبيل محمد توفيق, author 37476, المنهج الإسلامي في دراسة المجتمع : دراسة في علم الإجتماع الإسلامي